Statistics for CCP Politburo Standing Committee Quiz

Click here to take the quiz!

General Stats

  • This quiz has been taken 19 times
  • The average score is 18 of 58

Answer Stats

TermName% Correct
1956–76Mao Zedong
92%
2007–Xi Jinping
77%
1992–2012Hu Jintao
69%
1956–68, 1975–76, 1977–87Deng Xiaoping
62%
1989–2002Jiang Zemin
62%
2022–Li Qiang
62%
2022–Ding Xuexiang
54%
2007–22
Li Keqiang
54%
1980–87Hu Yaobang
54%
2022–Li Xi
54%
2017–Wang Huning
54%
2017–Zhao Leji
54%
1956–76Zhou Enlai
54%
2022–Cai Qi
46%
1958–71Lin Biao
46%
2017–22Wang Yang
46%
2002–12Wen Jiabao
46%
1956–69, 1973–76Zhu De
46%
1976–82Hua Guofeng
38%
1966–75Kang Sheng
38%
1956–68Liu Shaoqi
38%
2017–22Li Zhanshu
38%
1980–89Zhao Ziyang
38%
2017–22Han Zheng
31%
1987–2002Li Peng
31%
1973–76Wang Hongwen
31%
1973–76Zhang Chunqiao
31%
1966–70Chen Boda
23%
2002–12Jia Qinglin
23%
2002–12Li Changchun
23%
1977–87Li Xiannian
23%
2012–17Wang Qishan
23%
1973–85Ye Jianying
23%
2012–17Yu Zhengsheng
23%
2012–17Zhang Gaoli
23%
1992–2002Zhu Rongji
23%
1956–69, 1978–87Chen Yun
15%
1973–75Dong Biwu
15%
2007–12He Guoqiang
15%
2002–07Huang Ju
15%
1987–89Hu Qili
15%
1997–2002Li Lanqing
15%
1992–97Liu Huaqing
15%
2002–07Luo Gan
15%
1987–97Qiao Shi
15%
1989–92Song Ping
15%
2012–17Zhang Dejiang
15%
2007–12Zhou Yongkang
15%
1973–75Li Desheng
8%
1966–67Tao Zhu
8%
1997–2002Wei Jianxing
8%
2002–12Wu Banguo
8%
2002–07Wu Guanzheng
8%
1987–92Yao Yilin
8%
2002–07Zeng Qinghong
8%
1966–69Li Fuchun
0%
1989–2002Li Ruihan
0%
1977–80Wang Dongxing
0%

Score Distribution

Percentile by Number Answered

Percent of People with Each Score

Your Score History

You have not taken this quiz